[Event "Wroclaw op-B"]
[Site "Wroclaw"]
[Date "2024.08.13"]
[Round "8"]
[White "Ostrega, Przemyslaw"]
[Black "Haluja, Igor"]
[Result "1-0"]
[WhiteElo "1820"]
[BlackElo "1716"]
[PlyCount "89"]
[EventDate "2024.08.08"]
[EventType "swiss"]
[EventRounds "9"]
[EventCountry "POL"]
[SourceTitle "EXT 2025"]
[Source "ChessBase"]
[SourceDate "2024.10.14"]
[SourceVersion "1"]
[SourceVersionDate "2024.10.14"]
[SourceQuality "1"]

1. d4 e6 2. Nc3 d5 3. Bf4 Bd6 4. Bg3 Nf6 5. e3 Bb4 6. a3 Bxc3+ 7. bxc3 c5 8. Nf3 Ne4 9. Bb5+ Bd7 10. Bxd7+ Nxd7 11. 0-0 Nxc3 12. Qd3 Ne4 13. c4 Nxg3 14. hxg3 dxc4 15. Qxc4 cxd4 16. Rad1 0-0 17. Rxd4 Qe7 18. Qc7 Qxa3 19. Rxd7 b5 20. Ng5 Rfc8 21. Qf4 Rf8 22. Rxf7 h6 23. Qc7 Qb2 24. Rxf8+ Rxf8 25. Nxe6 Re8 26. Nd4 a6 27. Qc6 Rf8 28. Qxa6 b4 29. Qc4+ Kh8 30. Qc2 Qa3 31. Qb3 Qa5 32. Nc6 Qb6 33. Qxb4 Qxb4 34. Nxb4 g5 35. g4 Kg7 36. Ra1 Rd8 37. Nc6 Re8 38. Nd4 h5 39. Ra7+ Kg6 40. Ra6+ Kf7 41. gxh5 Rh8 42. Nf5 Rxh5 43. Rh6 Rxh6 44. Nxh6+ Kg6 45. Ng4 1-0

[Event "Wroclaw op-B"]
[Site "Wroclaw"]
[Date "2024.08.10"]
[Round "4"]
[White "Haluja, Igor"]
[Black "Olejarczyk, Remigiusz"]
[Result "0-1"]
[WhiteElo "1716"]
[BlackElo "1809"]
[PlyCount "100"]
[EventDate "2024.08.08"]
[EventType "swiss"]
[EventRounds "9"]
[EventCountry "POL"]
[SourceTitle "EXT 2025"]
[Source "ChessBase"]
[SourceDate "2024.10.14"]
[SourceVersion "1"]
[SourceVersionDate "2024.10.14"]
[SourceQuality "1"]

1. c4 e5 2. g3 Nc6 3. Bg2 g6 4. Nc3 Bg7 5. e3 d6 6. Nge2 f5 7. 0-0 Nf6 8. d4 e4 9. a3 a5 10. Qb3 Qe7 11. Nf4 Qf7 12. Bd2 0-0 13. Rac1 b6 14. Nfd5 Ba6 15. Rc2 Kh8 16. Rfc1 Rfc8 17. Nxf6 Bxf6 18. Nxe4 fxe4 19. Bxe4 a4 20. Qd3 Bb7 21. Bc3 Na5 22. Bxb7 Nxb7 23. Qe4 Na5 24. Bxa5 Rxa5 25. Qg4 Re8 26. Qf3 Qe7 27. Qc6 Raa8 28. Rd1 Red8 29. Rcd2 Qd7 30. Qf3 Bg7 31. c5 Rf8 32. Qg2 Rac8 33. Rc1 dxc5 34. Rc4 cxd4 35. exd4 Rfe8 36. Rd1 Qe6 37. Rcc1 Qe2 38. Qb7 Qxb2 39. Rxc7 Rxc7 40. Qxc7 Rf8 41. Rf1 Qxd4 42. Qe7 Qc5 43. Qe6 b5 44. Qa2 Qc4 45. Qd2 Qc3 46. Qd6 b4 47. axb4 a3 48. Kg2 a2 49. b5 a1Q 50. b6 Qf3+ 0-1